Công nghệ gen

محفوظ في:
التفاصيل البيبلوغرافية
المؤلف الرئيسي: Nguyễn, Đức Lượng
التنسيق: كتاب
اللغة:Undetermined
منشور في: Thành phố Hồ Chí Minh Nxb. Đại học Quốc gia Thành phố Hồ Chí Minh 2002
الموضوعات:
الوسوم: إضافة وسم
لا توجد وسوم, كن أول من يضع وسما على هذه التسجيلة!
Thư viện lưu trữ: Trung tâm Học liệu Trường Đại học Cần Thơ
LEADER 00623nam a2200181Ia 4500
001 CTU_57112
008 210402s9999 xx 000 0 und d
020 |b 44000 
082 |a 660.65 
082 |b L561 
100 |a Nguyễn, Đức Lượng 
245 0 |a Công nghệ gen 
245 0 |c Nguyễn Đức Lượng 
260 |a Thành phố Hồ Chí Minh 
260 |b Nxb. Đại học Quốc gia Thành phố Hồ Chí Minh 
260 |c 2002 
650 |a Microbial genetic engineering,Genetic tranformation,Genetic engineering 
980 |a Trung tâm Học liệu Trường Đại học Cần Thơ